000 00533nam a2200169 i 4500
001 90223
003 ES-MaACL
005 20230906180402.0
008 050119s1968 sp a |||| | spa d
100 1 _aLedesma, Manuel.
_971146
245 1 0 _aMeteorología aplicada a la aviación /
_cManuel Ledesma, Gabriel Baleriola.
260 _aMadrid :
_b[s.n.,
_c1968] (
_fTip. Af)
300 _a492 p. :
_bil. ;
_c24 cm.
650 4 _aMeteorología aeronáutica.
_9148670
700 1 _aBaleriola, Gabriel.
_924920
852 _aES-MaACL
_jG-4048
999 _c90223
_d90223